Welcome to the Holygrace Academy Library

Please use search bar below to get started

HANS BRINKER OR THE SILVER SKATES (Record no. 409)

MARC details
000 -LEADER
fixed length control field 00322nam a22001337a 4500
020 ## - INTERNATIONAL STANDARD BOOK NUMBER
ISBN 817826353-X
082 ## - DEWEY DECIMAL CLASSIFICATION NUMBER
Classification number 823
Item number DOD/HAN
100 ## - MAIN ENTRY--AUTHOR NAME
Personal name MARY MAPES DODGE
245 ## - TITLE STATEMENT
Title HANS BRINKER OR THE SILVER SKATES
260 ## - PUBLICATION, DISTRIBUTION, ETC. (IMPRINT)
Place of publication DELHI
Name of publisher ROHAN BOOK COMPANY
Year of publication 2003
300 ## - PHYSICAL DESCRIPTION
Number of Pages 222
650 ## - SUBJECT ADDED ENTRY--TOPICAL TERM
Topical Term MODERN ILLUSTRATED CLASSICS
942 ## - ADDED ENTRY ELEMENTS (KOHA)
Koha item type Books
Holdings
Withdrawn status Lost status Collection code Home library Current library Shelving location Date acquired Source of acquisition Cost, normal purchase price Full call number Accession Number Koha item type
    Fiction Main Library Main Library On Display 04/04/2006 purchase 30.00 823 DOD/HAN 02371 Books
    Fiction Main Library Main Library On Display 02/06/2009 purchase 30.00 823 DOD/HAN 04704 Books